000 00606nam a2200181 a 4500
005 20250222063754.0
008 991125s1992 par 000 0 eng u
035 _aUPN01000029962
049 _aCG
050 4 _aLB2805 L5.4
_bL5.4
100 1 _aLillis, Kevin M.
245 1 0 _aImproving basic education :
_bpreconditions for successful inspection and supervision - implications for training /
_cKevin M. Lillis.
260 _aParís :
_bIIEP,
_c1992.
300 _a26 p.
440 0 _aIncreasing and improving the quality of basic education ;
_v7
650 4 _aSupervisión escolar
_94835
905 _aLibro
999 _c29962
_d29962